| 000 | 00700nam a2200217Ia 4500 | ||
|---|---|---|---|
| 008 | 160319s9999 xx 000 0 und d | ||
| 020 | _a9719439203 | ||
| 050 | _a658.4 | ||
| 050 | _bC744g 2009 | ||
| 100 | _aConcepcion, Joey | ||
| 245 | _aGo negosyo : | ||
| 245 | _bJoey Concepcion's 55 inspiring stories of women entrepreneurs | ||
| 245 | _cwriters, Katrina Ramos Atienza [and others] ; editor, Joanne Rae M. Ramirez. | ||
| 250 | _a1st edition. | ||
| 260 | _aMandaluyong City, Philippines : | ||
| 260 | _b Philippine Center for Entrepreneurship, | ||
| 260 | _c2009 | ||
| 300 | _a237 pages : | ||
| 300 | _bcolor illustrations | ||
| 650 | _aBusinesswomen -- Philippines -- Biography. | ||
| 999 |
_c292157 _d292157 |
||